000 00746nam a2200253Ia 4500
003 OSt
005 20220925215209.0
006 a|||||r|||| 00| 0
007 ta
008 220923b |||||||| |||| 00| 0 eng d
037 _cGeneral Book
040 _aRTL
_cRTL
_beng
041 _2eng
_aeng
082 _aY9(X:8), L9
100 _aBurrell Gibson
_9282384
245 0 _aSociological paradigms and organisational analysis
260 _aLondon
_bHeinemann
_c1979
300 _axiv, 432p
_ccm.
500 _aBibliography chapterwise: P 403-26
650 _aSociology of Organisation
700 _a Morgan Gareth
_925200
942 _hY9(X:8), L9
_cGB
_2CC
999 _c568196
_d568196